Metodika implementácie integrovaného manažérskeho systému
Vymedzenie integrovaného manažérskeho systému (IMS). Integrovaný manažérsky systém v podmienkach SR najčastejšie tvorený štyrmi manažérskymi systémami. Súčasný stav vo využívaní manažérskych systémov. Projekt implementácie integrovaného manažérskeho systému. Výhody a bariéry zavedenia IMS.
Salvato in:
| Autore principale: | |
|---|---|
| Natura: | Capitolo di libro |
| Lingua: | slovacco |
| Soggetti: | |
| Tags: |
Nessun Tag, puoi essere il primo ad aggiungerne!!
|
MARC
| LEADER | 00000nla a2200000 4500 | ||
|---|---|---|---|
| 001 | 0210439 | ||
| 005 | 20240502073514.3 | ||
| 041 | 0 | |a slo | |
| 044 | |a SK | ||
| 245 | 1 | 0 | |a Metodika implementácie integrovaného manažérskeho systému |c Slavomíra Stašková |
| 520 | |a Vymedzenie integrovaného manažérskeho systému (IMS). Integrovaný manažérsky systém v podmienkach SR najčastejšie tvorený štyrmi manažérskymi systémami. Súčasný stav vo využívaní manažérskych systémov. Projekt implementácie integrovaného manažérskeho systému. Výhody a bariéry zavedenia IMS. | ||
| 610 | 2 | 0 | |a systémy integrované manažérske |
| 610 | 2 | 0 | |a systémy riadenia |
| 610 | 2 | 0 | |a normy ISO |
| 610 | 2 | 0 | |a certifikácia |
| 610 | 2 | 0 | |a systémy kvality |
| 610 | 2 | 0 | |a systémy environmentálne manažérske |
| 610 | 2 | 0 | |a bezpečnosť informačná |
| 610 | 2 | 0 | |a ochrana zdravia |
| 610 | 2 | 0 | |a bezpečnosť práce |
| 100 | 1 | |a Stašková, Slavomíra, 1989- | |